UM Logo

Cases in finance / (Record no. 4116)

MARC details
000 -LEADER
fixed length control field 01019cam a2200301 a 4500
001 - CONTROL NUMBER
control field 14093566
003 - CONTROL NUMBER IDENTIFIER
control field OSt
005 - DATE AND TIME OF LATEST TRANSACTION
control field 20160913184743.0
008 - FIXED-LENGTH DATA ELEMENTS--GENERAL INFORMATION
fixed length control field 050831s2006 nyu 000 0 eng d
010 ## - LIBRARY OF CONGRESS CONTROL NUMBER
LC control number 2005281690
020 ## - INTERNATIONAL STANDARD BOOK NUMBER
International Standard Book Number 0-07-298322-1
035 ## - SYSTEM CONTROL NUMBER
System control number (OCoLC)ocm61215936
040 ## - CATALOGING SOURCE
Original cataloging agency CUY
Transcribing agency CUY
Modifying agency DLC
042 ## - AUTHENTICATION CODE
Authentication code lccopycat
050 00 - LIBRARY OF CONGRESS CALL NUMBER
Classification number HG4026
Item number .D46 2006
082 00 - DEWEY DECIMAL CLASSIFICATION NUMBER
Classification number DC 658.15
Edition number 2006
Item number D34c
100 1# - MAIN ENTRY--PERSONAL NAME
Personal name DeMello, Jim.
245 10 - TITLE STATEMENT
Title Cases in finance /
Statement of responsibility, etc. Jim DeMello.
250 ## - EDITION STATEMENT
Edition statement 2nd ed.
260 ## - PUBLICATION, DISTRIBUTION, ETC. (IMPRINT)
Place of publication, distribution, etc. New York :
Name of publisher, distributor, etc. McGraw-Hill/Irwin,
Date of publication, distribution, etc. c2006.
300 ## - PHYSICAL DESCRIPTION
Extent vi, 186 pages ;
Dimensions 23 cm.
650 #0 - SUBJECT ADDED ENTRY--TOPICAL TERM
Topical term or geographic name as entry element Corporations
General subdivision Finance
Form subdivision Case studies.
856 42 - ELECTRONIC LOCATION AND ACCESS
Materials specified Publisher description
Uniform Resource Identifier <a href="http://www.loc.gov/catdir/enhancements/fy0626/2005281690-d.html">http://www.loc.gov/catdir/enhancements/fy0626/2005281690-d.html</a>
856 41 - ELECTRONIC LOCATION AND ACCESS
Materials specified Table of contents only
Uniform Resource Identifier <a href="http://www.loc.gov/catdir/enhancements/fy0626/2005281690-t.html">http://www.loc.gov/catdir/enhancements/fy0626/2005281690-t.html</a>
906 ## - LOCAL DATA ELEMENT F, LDF (RLIN)
a 7
b cbc
c copycat
d 2
e ncip
f 20
g y-gencatlg
942 ## - ADDED ENTRY ELEMENTS (KOHA)
Source of classification or shelving scheme Dewey Decimal Classification
Koha item type Circulation
Holdings
Withdrawn status Lost status Source of classification or shelving scheme Damaged status Not for loan Collection code Home library Current library Date acquired Source of acquisition Total Checkouts Full call number Barcode Date last seen Price effective from Koha item type
    Dewey Decimal Classification     Circulation UM Digos College - LIC UM Digos College - LIC 07/13/2011 Photocopied   DC 658.15 D34c 2006 21626 06/08/2021 08/24/2016 Circulation